| 000 | 00000nam##2200000za#4500 |
| 001 | 9.647721 |
| 003 | CaOODSP |
| 005 | 20210615112736 |
| 007 | ta |
| 008 | 150407|2000||||xxc||||| f|0| 0 eng|d |
| 020 | |a0-662-28899-8 |
| 040 | |aCaOODSP|beng |
| 043 | |an-cn--- |
| 086 | 1 |aM92-186/2000E |
| 110 | 1 |aCanada.|bNatural Resources Canada. |bEnergy Resources Branch. |
| 245 | 10|aBuyer's guide to small commercial Biomass Combustion Systems / |cIssued by the Renewable and Electrical Energy Division. |
| 260 | |aOttawa - Ontario : |bNatural Resources Canada. |c2000. |
| 300 | |a50p. : |bfigs., illus., tables ; |c28 cm. |
| 500 | |a"This Guide is intended to provide a practical approach to planning, procuring and operating a Biomass Combustion System (BCS). It will outline considerations the buyer should take into account before seeking the professional services of experts in the field."--About this guide. |
| 520 | 3 |aThis Guide is intended to provide a practical approach to planning, procuring and operating a Biomass Combustion System (BCS). It will outline considerations the buyer should take into account before seeking the professional services of experts in the field.--About this guide |
| 563 | |aSoftcover |
| 590 | |a01-30|b2001-07-27 |
| 690 | 07|aBiomass|2gcpds |
| 690 | 07|aEnergy supply|2gcpds |
| 690 | 07|aEnergy efficiency|2gcpds |
| 690 | 07|aHeating|2gcpds |
| 775 | 08|tLes petites installations de chauffage à la biomasse: guide de l'acheteur / |w(CaOODSP)9.681107 |
| 776 | 0#|tBuyer's guide to small commercial Biomass Combustion Systems / |w(CaOODSP)9.695434 |